| Tag |
First Indicator |
Second Indicator |
Subfields |
| LEADER |
00000nam a2200000 i 4500 |
| 001 |
in00005651321 |
| 006 |
m o d |
| 007 |
cr cnu---unuuu |
| 008 |
241216s2025 nyua ob 001 0 eng |
| 005 |
20250721140623.4 |
| 010 |
|
|
|a 2024054360
|
| 020 |
|
|
|a 9781501782046
|q electronic book
|
| 020 |
|
|
|a 1501782045
|q electronic book
|
| 020 |
|
|
|a 9781501782039
|q electronic book
|
| 020 |
|
|
|a 1501782037
|q electronic book
|
| 020 |
|
|
|z 9781501782022
|q hardcover
|
| 035 |
|
|
|a (DLC)jstor22573/CATS20046906
|
| 037 |
|
|
|a 22573/cats20046906
|b JSTOR
|
| 040 |
|
|
|a NhCcYBP
|c NhCcYBP
|
| 042 |
|
|
|a pcc
|
| 043 |
|
|
|a e-bu---
|
| 050 |
|
4 |
|a HN623.5
|b .T67 2025
|
| 072 |
|
7 |
|a POL
|x 005000
|2 bisacsh
|
| 072 |
|
7 |
|a HIS
|x 010010
|2 bisacsh
|
| 072 |
|
7 |
|a SOC
|x 002010
|2 bisacsh
|
| 082 |
0 |
0 |
|a 172/.109499
|2 23/eng/20250118
|
| 100 |
1 |
|
|a Topouzova, Lilia,
|e author.
|
| 245 |
1 |
0 |
|a Unsilencing :
|b the history and legacy of the Bulgarian gulag /
|c Lilia Topouzova.
|
| 264 |
|
1 |
|a Ithaca :
|b Cornell University Press,
|c [2025]
|
| 300 |
|
|
|a 1 online resource.
|
| 336 |
|
|
|a text
|b txt
|2 rdacontent
|
| 337 |
|
|
|a computer
|b c
|2 rdamedia
|
| 338 |
|
|
|a online resource
|b cr
|2 rdacarrier
|
| 341 |
0 |
|
|a textual
|2 sapdv
|3 JSTOR
|
| 504 |
|
|
|a Includes bibliographical references and index.
|
| 505 |
0 |
|
|a Introduction: Histories and memories untold -- Forced-labor camps and state repression in Bulgaria (1945-1989) -- Surviving Bulgaria's culture of silence -- Eastern Europe's first truth commission and the 1990 reckoning -- Belene: prison-camp island & town (1949-2022) -- The Lovech camp (1959-1962) -- Conclusion: A collective way forward.
|
| 532 |
|
0 |
|3 JSTOR
|a "We apply WCAG and Section 508 standards to improve the user experience for everyone...The target for JSTOR is WCAG 2.2 Level AA." Source: https://about.jstor.org/accessibility/. Last accessed April 22, 2025.
|
| 588 |
|
|
|a Description based on online resource; title from digital title page (viewed on June 27, 2025).
|
| 650 |
|
0 |
|a Political violence
|x Social aspects
|z Bulgaria
|x History.
|
| 650 |
|
0 |
|a Memory
|x Political aspects
|z Bulgaria.
|
| 650 |
|
0 |
|a Political persecution
|x Social aspects
|z Bulgaria
|x History.
|
| 650 |
|
0 |
|a Forced labor
|z Bulgaria
|x History.
|
| 650 |
|
0 |
|a Internment camps
|z Bulgaria
|x History.
|
| 650 |
|
0 |
|a Totalitarianism
|x Social aspects
|z Bulgaria.
|
| 655 |
|
7 |
|a Electronic books.
|2 local
|
| 776 |
1 |
8 |
|i Print version:
|a Topouzova, Lilia.
|t Unsilencing
|d Ithaca : Cornell University Press, 2025
|z 9781501782022
|w (DLC) 2024054359
|
| 856 |
4 |
0 |
|u http://proxy.library.tamu.edu/login?url=https://www.jstor.org/stable/10.7591/jj.20064728
|z Connect to the full text of this electronic book
|t 0
|
| 955 |
|
|
|a JSTOR DDA record
|
| 999 |
f |
f |
|s f01c03b5-c7a3-468b-845b-a21a1c567444
|i 6639d5bd-715a-4a46-944e-f2fbc87784cc
|t 0
|
| 952 |
f |
f |
|a Texas A&M University
|b College Station
|c Electronic Resources
|d Available Online
|t 0
|e HN623.5 .T67 2025
|h Library of Congress classification
|
| 998 |
f |
f |
|a HN623.5 .T67 2025
|t 0
|l Available Online
|